000 00474nam a22001697a 4500
999 _c526451
_d526451
003 NUST
020 _qH/B
038 _awaseem
082 _a891.421
_bSHA
100 _aQaiser, Shahzad
_917456
245 _aGal Wich Payum Preet Mohaar /
_cShahzad Qaiser
260 _aLahore :
_bSang-e-Meel Publications,
_c1990.
300 _a250 p. ;
880 _6100-01\r
_aشہزاد قیصر
880 _6245-02\r
_aگَل وِچ پایُم پریت مُہار /
942 _2ddc
_cBK